000 00509 a2200169 4500
005 20250505101715.0
020 _a978-81-317-1703-5
082 _aLECT 004.01 DIX
100 _aDIX, A.
245 _aHuman-Computer Interaction
250 _a3rd Ed.
260 _aChennai,
_bPearson,
_c2004.
300 _axxv,834p,: ill.; figure.
_bIndex & reference.
_c24cm.
700 _aFINLAY, J., ABOWD, G. D. & BEALE, R.
856 _yAccess Online Book
_fHuman-Computer Interaction
_dwww.pearson.co.in
942 _2ddc
_cBKS
999 _c1895
_d1895